Southville International School and Colleges
Your cart is empty.
  • Cart
  • Lists
    Public lists Eva Luna New books Lux_list list_1
    Your lists Log in to create your own lists
  • Log in to your account
  • Your cookies
  • Search history
Southville International School and Colleges
  • Advanced search
  • Recent comments
  • Most popular
  • Libraries

Log in to your account

Log in with GOOGLE


If you do not have an external account, but do have a local account, you can still log in:

  1. Home
  2. MARC view: The 100 greatest sports blunders of all time /
Normal view MARC view ISBD view

The 100 greatest sports blunders of all time / (Record no. 9892)

[ view plain ]
MARC details
000 -LEADER
fixed length control field 01020pam a2200301 a 4500
001 - CONTROL NUMBER
control field 2599382
003 - CONTROL NUMBER IDENTIFIER
control field OSt
005 - DATE AND TIME OF LATEST TRANSACTION
control field 20140310182144.0
008 - FIXED-LENGTH DATA ELEMENTS--GENERAL INFORMATION
fixed length control field 970829s1997 inua 000 0 eng
010 ## - LIBRARY OF CONGRESS CONTROL NUMBER
LC control number 97037311
020 ## - INTERNATIONAL STANDARD BOOK NUMBER
International Standard Book Number 9781570281594
040 ## - CATALOGING SOURCE
Original cataloging agency DLC
Transcribing agency DLC
Modifying agency DLC
043 ## - GEOGRAPHIC AREA CODE
Geographic area code n-us---
050 00 - LIBRARY OF CONGRESS CALL NUMBER
Classification number GV 583
Item number .H35 1997
082 00 - DEWEY DECIMAL CLASSIFICATION NUMBER
Classification number HS 796.0973
Item number Ha17 1997
100 1# - MAIN ENTRY--PERSONAL NAME
Personal name Ham, Eldon L.,
Dates associated with a name 1952-
9 (RLIN) 15436
245 14 - TITLE STATEMENT
Title The 100 greatest sports blunders of all time /
Statement of responsibility, etc Eldon L. Ham.
246 3# - VARYING FORM OF TITLE
Title proper/short title One hundred greatest sports blunders of all time
260 ## - PUBLICATION, DISTRIBUTION, ETC. (IMPRINT)
Place of publication, distribution, etc Indianapolis, IN :
Name of publisher, distributor, etc Masters Press,
Date of publication, distribution, etc 1997.
300 ## - PHYSICAL DESCRIPTION
Extent 193 p. :
Other physical details ill. ;
Dimensions 23 cm.
562 ## - COPY AND VERSION IDENTIFICATION NOTE
Number of copies For circulation. One copy available in the collection.
650 #0 - SUBJECT ADDED ENTRY--TOPICAL TERM
Topical term or geographic name as entry element Sports
Geographic subdivision United States
General subdivision Miscellanea.
9 (RLIN) 15437
650 #0 - SUBJECT ADDED ENTRY--TOPICAL TERM
Topical term or geographic name as entry element Sports
Geographic subdivision United States
General subdivision History.
9 (RLIN) 15438
906 ## - LOCAL DATA ELEMENT F, LDF (RLIN)
a 7
b cbc
c orignew
d 1
e ocip
f 19
g y-gencatlg
942 ## - ADDED ENTRY ELEMENTS (KOHA)
Source of classification or shelving scheme Library of Congress Classification
Koha item type Books
Call number prefix
Holdings
Withdrawn status Lost status Source of classification or shelving scheme Damaged status Home library Current library Shelving location Date acquired Total Checkouts Full call number Barcode Date last seen Copy number Price effective from Koha item type
    Library of Congress Classification   Luxembourg Library Luxembourg Library High School Section 08/29/2013   GV 583 .H35 1997 7389 08/29/2013 1 08/29/2013 Books

The 100 greatest sports blunders of all time /

APA

Ham E. L., . (1997). The 100 greatest sports blunders of all time. Indianapolis, IN: Masters Press.

Chicago

Ham Eldon L, . 1997. The 100 greatest sports blunders of all time. Indianapolis, IN: Masters Press.

Harvard

Ham E. L., . (1997). The 100 greatest sports blunders of all time. Indianapolis, IN: Masters Press.

MLA

Ham Eldon L, . The 100 greatest sports blunders of all time. Indianapolis, IN: Masters Press. 1997.

  • Place hold
  • Print
  • Cite
  • Add to your cart (remove)
  • Save record
    BIBTEX Dublin Core MARCXML MARC (non-Unicode/MARC-8) MARC (Unicode/UTF-8) MARC (Unicode/UTF-8, Standard) MODS (XML) RIS
  • More searches
    Search for this title in:
    Other Libraries (WorldCat) Other Databases (Google Scholar) Online Stores (Bookfinder.com) Open Library (openlibrary.org)

Exporting to Dublin Core...

SOUTHVILLE LIBRARY

Southville International School and Colleges Library

1281 Tropical Ave. Cor. Luxembourg St., BF Homes International, Las Pinas City

Tel. No. 8256374 / 252358 Loc. 117/146

Powered by Koha